000 006520000a22001090004500
100 1 _aVilla Chiappe, Santiago
245 1 0 _aBye, bye, Amazon : Boom de librerías en Internet
300 _aVol.0, núm.23 (Agosto, 2007), Páginas 28-29
520 _aAunque aún es prematuro afirmarlo, las librerías virtuales colombianas están comenzando a afianzarse en el mercado nacional e internacional. Internet parece ser una buena fórmula para un país en el que no abundan las librerías en ciudades intermedias y para crear una verdadera red de distribución de novedades latinoamericanas.
773 0 _tArcadia / Andrés Felipe Solano, Editor
942 _cANA
999 _c62292
_d62292